The Power of prayer on plants.

Bibliographic Details
Main Author: Loehr, Franklin
Format: Book
Language:English
Published: Garden City, N. Y. : Doubleday, 1959.
Edition:[1st ed.].
Subjects:

MARC

Tag First Indicator Second Indicator Subfields
LEADER 00000cam a2200000 4500
001 in00000038131
005 20151007080839.0
008 771115s1959 nyua 00000 eng
010 |a  58011320  
035 |a (OCoLC)03421318 
035 |9 AAF5478AM 
040 |a DLC  |c HDC  |d TXA  |d UtOrBLW 
049 |a TXAM  |c [308060] 
050 0 0 |a BF1031  |b .L77 
082 0 |a 264.1 
092 |a 264.1  |b L825p 
100 1 |a Loehr, Franklin. 
245 1 4 |a The Power of prayer on plants. 
250 |a [1st ed.]. 
264 1 |a Garden City, N. Y. :  |b Doubleday,  |c 1959. 
300 |a 144 pages :  |b illustrations ;  |c 22 cm. 
336 |a text  |b txt  |2 rdacontent 
337 |a unmediated  |b n  |2 rdamedia 
338 |a volume  |b nc  |2 rdacarrier 
650 0 |a Parapsychology  |x Research. 
650 0 |a Prayer. 
650 0 |a Plants  |x Effect of prayer on. 
999 |a MARS 
999 f f |s f0d4dc85-f0de-384a-b9b6-38a55f3439cc  |i 0db9c9c2-4768-3c1e-88c0-ba99f9ef2eec  |t 0 
952 f f |p ric  |a Texas A&M University  |b Rellis Campus  |c Joint Library Facility  |d Remote Storage  |t 0  |e BF1031 .L77  |h Library of Congress classification  |i unmediated -- volume  |m A14800616248 
998 f f |a BF1031 .L77  |t 0  |l Remote Storage